00411nam a2200097Ia 4500008004100000040002900041050002800070100002400098245015700122260003400279230222s9999||||xx |||||||||||||| ||und|| cChuka University Library aTHE LB 1620.5bM36 2015 aManyara,Ruth Nkatha 0aSocio- cultural factors affecting utilization of guidance and counseling services among student in national schools in Meru Tharaka-Nithi counties Kenya aCHUKA UNIVERSITYbCHUKAc2015